000 00590nab a2200181Ia 4500
003 ES-SlBCS
005 20210601142553.0
008 140529s2001 xxu||||| |||| 00| 0 spa d
041 _aspa
100 1 _aDíaz, David
_9272950
245 0 0 _aJuveniles de langosta
_c David Díaz, Marc Marí, Pere Abelló, Y. Abdelhaye
650 0 4 _aLangosta
_9153668
700 1 _aAbdelhaye, Y.
_9272951
700 1 _aAbelló, Pere
_9272952
700 1 _aMarí, Marc
_9272953
773 0 _tInvestigacion y Ciencia (Traducción de: Scientific American)
_gnº. 295, 2001, págs. 46-47
_wRev1650
942 _cAR
999 _c678890
_d678890